Olympiacos Best Scorer By Year - Statistics

General Stats
  • This quiz has been taken 376 times
    175 since last reset
  • The average score is 13 of 31
Answer Stats
Player % Correct
Youssef El-Arabi
90%
Ayoub El Kaabi
89%
Kostas Fortounis
83%
Kostas Mitroglou
82%
Rivaldo
78%
Giovanni
73%
Predrag Đorđević
65%
Nikos Anastopoulos
64%
Kevin Mirallas
59%
Cédric Bakambu
57%
Giorgos Sideris
55%
Alexis Alexandris
54%
Rafik Djebbour
49%
Darko Kovačević
47%
Luciano Galletti
47%
Karim Ansarifard
43%
Brown Ideye
42%
Stelios Giannakopoulos
42%
Lajos Détári
36%
Ilija Ivić
30%
Vassilis Karapialis
29%
Grigoris Georgatos
23%
Nikos Gioutsos
20%
Oleh Protasov
20%
Elias Yfantis
17%
Maik Galakos
17%
Yves Triantafyllos
12%
Panagiotis Tsalouchidis
10%
Michalis Kritikopoulos
8%
Sakis Moustakidis
5%
Petros Karavitis
3%
No matching quizzes found
Score Distribution
Percent of People with Each Score
Percentile by Number Answered
Your Score History
You have not taken this quiz since the last reset